Az influenszerek hatása az amatőr női sportolók testképére a Z generációban

Bibliográfiai részletek
Szerző: Horváth Boglárka
További közreműködők: Hübner Andrea Gabriella
Dokumentumtípus: Diplomadolgozat
Kulcsszavak:21.század
influenszerek
női test
sport
virtuális tér
Online Access:http://dolgozattar.uni-bge.hu/60288

MARC

LEADER 00000nta a2200000 i 4500
001 dolg60288
005 20260409150243.0
008 260409suuuu hu om 000 hun d
040 |a BGE Dolgozattár Repozitórium  |b hun 
041 |a hu 
100 1 |a Horváth Boglárka 
245 1 3 |a Az influenszerek hatása az amatőr női sportolók testképére a Z generációban  |c Horváth Boglárka  |h [elektronikus dokumentum] 
520 3 |a A közösségi média térnyerése és az influenszerek jelenléte manapság jelentős hatással bír a fiatalok testképének alakulására, ami különösképpen igaz a Z generációra. Jelen dolgozat azt vizsgálja, hogy a közösségi média véleményvezérei (influenszerei) milyen módon és mértékben befolyásolják a Z generációhoz tartozó amatőr női sportolók önképét és testükkel való megelégedettségét. A kutatás során kvalitatív (félig strukturált) interjúkat és kvantitatív kérdőíves felmérést alkalmaztunk a 16–25 év közötti amatőr sportolónők körében. Az eredmények rámutatnak, hogy a tartalomgyártók által közvetített idealizált testképek a fiatal sportolók jelentős részénél testkép-elégedetlenséget váltanak ki és fokozzák a külső megjelenéssel kapcsolatos nyomást. Ugyanakkor néhány válaszadó esetében pozitív hatások is tetten érhetők: a motiváló, egészséges életmódot népszerűsítő influenszer-tartalmak erősítették az önbizalmat és ösztönözték a tudatosabb sportolást. Összességében a kutatás megállapításai megerősítik, hogy az influenszer-jelenség komoly szerepet játszik a Z generáció amatőr női sportolóinak testkép-alakulásában, és felhívják a figyelmet a médiahasználat tudatosságának és a testpozitív szemléletmód erősítésének fontosságára. 
695 |a 21.század 
695 |a influenszerek 
695 |a női test 
695 |a sport 
695 |a virtuális tér 
700 1 |a Hübner Andrea Gabriella  |e ths 
856 4 0 |u http://dolgozattar.uni-bge.hu/60288/1/horvath_boglarka_szakdolgozat.pdf  |z Dokumentum-elérés 
856 4 0 |u http://dolgozattar.uni-bge.hu/60288/2/Horv%C3%A1th%20Bogl%C3%A1rka_k.pdf  |z Dokumentum-elérés 
856 4 0 |u http://dolgozattar.uni-bge.hu/60288/3/Horv%C3%A1th%20Bogl%C3%A1rka.%20jav.pdf  |z Dokumentum-elérés